Elementary differential equations and boundary value problems (Record no. 21490)
[ view plain ]
| 000 -LEADER | |
|---|---|
| fixed length control field | 00510cam a2200181 4500 |
| 020 ## - INTERNATIONAL STANDARD BOOK NUMBER | |
| ISBN | 471093319 |
| 040 ## - CATALOGING SOURCE | |
| Transcribing agency | DLC |
| 082 00 - DEWEY DECIMAL CLASSIFICATION NUMBER | |
| Classification number | 517 ELE 1969 C282 Or. |
| 100 1# - MAIN ENTRY--AUTHOR NAME | |
| Personal name | Boyce, William E. |
| 245 10 - TITLE STATEMENT | |
| Title | Elementary differential equations and boundary value problems |
| 250 ## - EDITION STATEMENT | |
| Edition statement | 2d ed. |
| 260 ## - PUBLICATION, DISTRIBUTION, ETC. (IMPRINT) | |
| Place of publication | New York, |
| Name of publisher | Wiley |
| Year of publication | [1969] |
| 300 ## - PHYSICAL DESCRIPTION | |
| Number of Pages | xiv, 533, A-43, I-8 p. |
| Other physical details | illus. |
| Dimensions | 24 cm. |
| 650 #0 - SUBJECT ADDED ENTRY--TOPICAL TERM | |
| Topical Term | Differential equations. |
| 650 #0 - SUBJECT ADDED ENTRY--TOPICAL TERM | |
| Topical Term | Boundary value problems. |
| 700 1# - ADDED ENTRY--PERSONAL NAME | |
| Personal name | DiPrima, Richard C., |
| 942 ## - ADDED ENTRY ELEMENTS (KOHA) | |
| Koha item type | ADB |
| 952 ## - LOCATION AND ITEM INFORMATION (KOHA) | |
| Withdrawn status [LOCAL, KOHA] | 0 |
| Permanent Location | Date acquired | Koha item type | Lost status | Shelving location | Barcode | Current Location | Full call number |
|---|---|---|---|---|---|---|---|
| Library Block C | 2023-06-23 | សៀវភៅភាសាអង់គ្លេស | C282 | a18739 | Library Block C | 517 ELE 1969 C282 Or. |